000 00511nam a2200205Ia 4500
003 OSt
005 20230403162134.0
008 210423s2009 xx 000 0 und d
040 _cAL
041 _aeng
082 _a302.23
_223
_bMOSV
100 _aMOSCO (Vincent).
_982812
245 _aPolitical economy of communication.
250 _a2
260 _aLondon
_bSage Publications
_c2009
300 _ax,268
365 _b1901
_cINR
906 _acommunication. ; economy ; Political
942 _2ddc
_cBK
999 _c156887
_d156887